[Event "EU-chT (Men) 16th"]
[Site "Heraklion"]
[Date "2007.11.04"]
[Round "7.1"]
[White "Cheparinov, Ivan"]
[Black "Pelletier, Yannick"]
[Result "1-0"]
[WhiteElo "2670"]
[BlackElo "2609"]
[Annotator "Pelletier,Y"]
[PlyCount "59"]
[EventDate "2007.10.28"]
[EventType "team-swiss"]
[EventRounds "9"]
[EventCountry "GRE"]
[SourceTitle "CBM 121"]
[Source "ChessBase"]
[SourceDate "2007.11.14"]
[SourceVersion "1"]
[SourceVersionDate "2007.11.14"]
[SourceQuality "1"]
[WhiteTeam "Bulgaria"]
[BlackTeam "Switzerland"]
[WhiteTeamCountry "BUL"]
[BlackTeamCountry "SUI"]

1. e4 c5 2. Nf3 e6 3. d4 cxd4 4. Nxd4 Nc6 5. Nc3 Qc7 6. Be3 a6 7. Qd2 Nf6 8.
O-O-O Bb4 9. f3 Ne5 10. Nb3 b5 11. Kb1 Nc4 12. Bxc4 bxc4 13. Nc1 Rb8 14. Bf4 e5
15. Bg5 Qb6 16. N1e2 O-O 17. Bxf6 Ba3 18. b3 Qxf6 19. Nd5 Qd8 20. f4 $1 $146 {
Diese starke Neuerung stellt das ganze schwarze System in Frage. Dabei malte
sich auch ein seltsames Bild: als Cheparinov diesen Zug ohne Denkpause
ausführte, grinste zwei Bretter entfernt Alexander Delchev. Man weiss ja, dass
Delchev vor kurzem ein Repertoire-Buch über Sizilianisch-Taimanov
herausgegeben hat. Gegen 6.Be3 empfiehlt er genau das System mit 13...Nc4, das
er übrigens mit Erfolg angewandt hat. Ob ihm der Zug 20.f4 bekannt war, sagte
mir sein Grinsen alles...} exf4 (20... d6 {schien mir gefährlich, da Weiss nach
} 21. f5 {einen Königsangriff starten kann.}) 21. Qxf4 Bb7 (21... d6 {hielt
ich für schlechter, da der Springer nach} 22. Nd4 {[%csl Gc6,Gf5] nicht nur
nach f5 zielt.}) 22. Ng3 Bxd5 ({Ich führte diesen Tausch ungern aus, fand aber
keine bessere Fortsetzung. Z.B.} 22... Qa5 23. Nf5 Bxd5 24. Qe5 f6 25. Qxd5+
Qxd5 26. Rxd5 $16 {oder}) (22... d6 23. Nh5 Bxd5 24. Qg3 g6 25. Rxd5) 23. Rxd5
Rb6 $2 ({Als ich den Textzug spielt, zeigte mein Gegner eine leichte
Überraschung. Es ist klar, dass dies der Augenblick ist, wo die schwarze
Spielweise verbessert sein kann. Ob es aber zum Ausgleich genügt?! Die
Alternative} 23... Rb5 $5 24. Rhd1 Qa5 {zog ich in Betracht, aber auch}) (23...
Qc8 24. Nh5 f6 {sieht möglich aus} (24... cxb3 25. axb3 Qc3 26. Qe5 Qxe5 27.
Rxe5 $14)) 24. Rhd1 cxb3 ({Genauer, wenn auch unausreichend, war} 24... Qc8 25.
Qe3 cxb3 26. axb3 Rc6 27. Qd2 $16) 25. axb3 Qc8 26. R1d3 Rd8 (26... Rc6 27. Qd2
) 27. e5 Qc6 28. Ne4 Rb5 $2 ({Danach ist der "Kampf" sofort aus. Weiss steht
aber sooderso auf Gewinn:} 28... Qe6 29. Ng5 $18) ({oder} 28... Rc8 29. Rc3 Qb7
(29... Qxd5 30. Rxc8+ Bf8 31. Nf6+ $18) 30. Nf6+ gxf6 31. Rg3+ Kf8 32. exf6 $18
) 29. Nf6+ $1 gxf6 30. Rd6 $1 {Nach 30...Bxd6 entscheidet 31.Rg3 Kf8 31.Qh6
Ke7 32.Qxf6 Ke8 33.exd6.} 1-0

[Event "EU-ch 12th"]
[Site "Aix les Bains"]
[Date "2011.03.25"]
[Round "4"]
[White "Ter Sahakyan, Samvel"]
[Black "Potkin, Vladimir"]
[Result "0-1"]
[WhiteElo "2575"]
[BlackElo "2653"]
[Annotator "Potkin,V"]
[PlyCount "68"]
[EventDate "2011.03.22"]
[EventType "swiss"]
[EventRounds "11"]
[EventCountry "FRA"]
[SourceTitle "CBM 142 Extra"]
[Source "ChessBase"]
[SourceDate "2011.06.27"]
[SourceVersion "1"]
[SourceVersionDate "2011.06.27"]
[SourceQuality "1"]

{I had crossed swords with the talented Armenian grandmaster before, and our
previous game ended in a bloodless draw. On this occasion, in round four of
the championship, we each had maximum points, and were both in a good mood to
fight.} 1. e4 c5 2. Nf3 e6 3. d4 cxd4 4. Nxd4 Nc6 5. Nc3 Qc7 6. Be3 a6 7. Qd2 {
My opponent is in a decisive frame of mind, although I had the impression that
Samvel is a positional player. Evidently, the latter does not exclude the
former.} Nf6 8. O-O-O Bb4 9. f3 Ne5 10. Nb3 b5 11. Qe1 Be7 12. f4 Ng6 13. e5
Ng4 14. Ne4 Nxe3 ({After} 14... O-O 15. Bc5 {I recommend that you look at the
game between Ian Nepomniachtchi and Nikita Vitiugov, an excellent battle!}) 15.
Qxe3 O-O 16. h4 {I once discussed a similar position with my friend and
Bundesliga club-mate Konstantin Landa, and at some point, the idea of the
knight sacrifice was born.} Bb7 17. h5 Rac8 {For a long time, I was reluctant
to force White into such a natural development of the bishop, but with each
passing minute of thought, the necessity for doing so became clearer.} ({
The immediate} 17... Nxe5 18. fxe5 Qxe5 {is premature, because of the simple}
19. Re1 f5 20. Ned2 {and because the pawn on g2 is reliably defended, I did
not find sufficient compensation here.}) 18. Bd3 ({After} 18. c3 {Black can
also play the sacrifice} Nxe5 ({although the strange-looking} 18... Nh4 {
is also possible}) 19. fxe5 Qxe5 {since} 20. Rxd7 {fails to} Qxe4 21. Qxe4 Bg5+
{winning.}) 18... Nxe5 19. fxe5 Qxe5 20. Nbd2 {Samvel chooses the most natural
decision.} ({The endgame arising after the alternative} 20. Qe2 f5 21. Ned2
Qxe2 22. Bxe2 Bxg2 23. Rhg1 Bc6 {does not stray far from the range of dynamic
equality, but the prospect of a later pawn advance makes Black's position very
attractive.}) 20... f5 21. Nf3 Qc7 22. Neg5 {At this moment, White clearly did
not sense the potential danger from the black bishops.} ({It makes more sense
to retain one of the knights in the vicinity of the king, since after} 22. Nc3
Bf6 23. Ne2 b4 24. Kb1 {White is ready to beat off the first wave of the
attack.} Rfe8 {Black has to be cunning} ({the hasty} 24... a5 {gives the white
pieces more squares after} 25. Ned4 Bd5 26. Rhe1) {since now} 25. Ned4 {
is not so good} ({after} 25. Nc1 {then} a5 {is strong}) {because of} 25... f4
26. Qd2 e5 {and the black pawns start to take an active part in the fight. In
this variation, White should also wait on move 25, when a complicated position
ensues.}) 22... Bd5 ({It was not part of my plans to fall in with my
opponent's ideas after} 22... h6 23. Nxe6 dxe6 24. Qxe6+ Kh8 25. Ne5 {when
White has a powerful initiative.}) 23. Nh4 {White has managed ingeniously to
get both his knights into the danger zone in front of the enemy king, but this
only helps Black.} ({More logical was} 23. h6 g6 24. Kb1 {although here too,
after} Bf6 {followed by the advance of the queenside pawns, Black's game is
the more comfortable.}) 23... Qc5 {It is always pleasant, in the middle of
things, to strengthen the position of one's queen.} 24. Qd2 Bf6 25. a3 {
My opponent accompanied this modest pawn move with the offer of a draw, but
all of Black's pieces demand a final blow.} b4 {An important interpolation.}
26. axb4 Qd4 27. c3 Bxg5 ({During the game, I refrained from} 27... Qxb4 {
because of the striking} 28. Bxf5 {not noticing the decisive} Bxg5 29. Qxg5
Rxc3+ {winning.}) 28. Qxg5 Rxc3+ 29. Bc2 ({The variation} 29. bxc3 Qxc3+ 30.
Kb1 Qxb4+ {clearly demonstrates the reason for flicking in 24...b4.}) {Black
does not give his opponent any breathing-space, and the game ends in a forcing
manner.} 29... Rxc2+ 30. Kxc2 Rc8+ 31. Kb1 Be4+ 32. Ka1 Qxb4 33. Qe3 Rc5 34.
Rd3 Rb5 0-1

[Event "Rohde op 08th"]
[Site "Sautron"]
[Date "2008.10.27"]
[Round "3"]
[White "Carlsson, Pontus"]
[Black "Das, Arghyadip"]
[Result "1/2-1/2"]
[WhiteElo "2515"]
[BlackElo "2404"]
[Annotator "Primel,D"]
[PlyCount "49"]
[EventDate "2008.10.25"]
[EventType "swiss"]
[EventRounds "9"]
[EventCountry "FRA"]
[SourceTitle "EXT 2009"]
[Source "ChessBase"]
[SourceDate "2008.11.26"]
[SourceVersion "1"]
[SourceVersionDate "2008.11.26"]
[SourceQuality "1"]

1. e4 c5 2. Nf3 e6 3. d4 cxd4 4. Nxd4 Nc6 5. Nc3 Qc7 6. Be3 (6. Be2) 6... a6 7.
Qd2 {[%cal Ge1c1] laissant la possibilité de jouer l'attaque anglaise} (7. Bd3
$142) 7... Nf6 8. O-O-O Bb4 $1 {[%cal Gf6e4] Plus actif que b5} (8... b5 $143
9. Bf4 $5 {Topalov,V (2707)-Movsesian,S (2661) Sarajevo Bosnia 31st 2001 (1)
1-0}) 9. f3 O-O (9... Ne5 $142 {[%cal Gb4c3,Gd7d5]} 10. Nb3 (10. Kb1 Bxc3 (
10... d5 $6 11. Ncb5 $1) 11. bxc3 d5 $132) (10. g4 h6 11. h4 d5 $13 12. Bh3 (
12. Bg2) (12. Bf4)) 10... b5 11. Kb1 Nc4 12. Bxc4 bxc4 13. Nc1 Rb8 {[%csl Rb2];
Korneev,O (2583)-Delchev,A (2601) Navalmoral op 2004 (7) 0-1}) 10. g4 b5 11.
Kb1 (11. g5 Nh5) 11... Bb7 12. g5 Ne8 13. a3 ({RR} 13. Nxc6 Bxc6 14. h4 Rc8 15.
h5 f5 16. gxf6 Nxf6 17. Qd4 {1/2-1/2 Kozhuharov,S (2456)-Plischki,S (2358)/
Marianske Lazne 2008/CB07}) 13... Be7 14. Nxc6 $146 (14. Bf4 Ne5 $6 (14... d6)
15. Bxb5 $1 $36 {Motylev,A (2648)-Potkin,V (2591) RUS-ch Higher League 60th
2007 (3) 1/2}) 14... Bxc6 15. Ne2 d5 $1 16. Nd4 dxe4 17. Nxc6 Qxc6 18. Qd7 Rc8
$1 {[%csl Rc2]} 19. Qxc6 Rxc6 20. fxe4 Nd6 {[%cal Gd6c4,Gd6e4]} 21. e5 Nc4 22.
Bxc4 Rxc4 23. h4 Re4 24. Bd4 Rc8 (24... b4) 25. c3 1/2-1/2

[Event "Belgrade RAD 30"]
[Site "Belgrade"]
[Date "1977.01.25"]
[Round "8.7"]
[White "Suetin, Alexey S"]
[Black "Matulovic, Milan"]
[Result "1/2-1/2"]
[WhiteElo "2525"]
[BlackElo "2510"]
[Annotator "Primel,D"]
[PlyCount "44"]
[EventDate "1977.01.15"]
[EventType "tourn"]
[EventRounds "13"]
[EventCountry "SRB"]
[EventCategory "9"]
[SourceTitle "EXT 2018"]
[Source "ChessBase"]
[SourceDate "2017.10.13"]
[SourceVersion "1"]
[SourceVersionDate "2017.10.13"]
[SourceQuality "1"]
[TimeControl "40/9000:16/5400:0"]

1. e4 c5 2. Nf3 Nc6 3. d4 cxd4 4. Nxd4 Qc7 5. Nc3 e6 6. Be3 a6 7. Bd3 Nf6 8.
O-O Ne5 9. h3 Bc5 10. Qe2 d6 11. f4 Ned7 (11... Ng6 12. Nb3 Bxe3+ 13. Qxe3 O-O
14. e5 dxe5 15. Bxg6 exf4 16. Bxf7+ Rxf7 17. Rxf4 Bd7 18. Re1 Re8 19. Qe5 Bc8
20. Nd4 Qxe5 21. Rxe5 Rfe7 22. Nf3 b6 23. Re3 Bb7 24. Ne5 Nd5 25. Ref3 Nxf4 26.
Rxf4 Rd8 27. Rf2 b5 28. a3 a5 29. Nd3 Bc6 30. Ne5 Be8 31. Ne4 Rd5 32. Nd3 b4
33. axb4 axb4 34. b3 e5 35. Nd2 e4 36. Nxb4 Rb5 {0-1 (36) Radulov,I (2490)
-Barcza,G (2465) Hastings 1972}) 12. Rae1 {La prépration du russe sur une
partie précédente du yougoslave jouée 3 ans plus tôt.} (12. f5 e5 13. Nb3
Bxe3+ 14. Qxe3 b5 15. a3 Bb7 16. Rad1 O-O 17. Rf2 Rfd8 18. Rfd2 Nc5 19. g4 Nxb3
20. cxb3 d5 21. exd5 Nxd5 22. Nxd5 Rxd5 23. Bf1 Rxd2 24. Rxd2 f6 25. b4 Rd8 26.
Kf2 Kf7 {Palatnik,S-Matulovic,M Belgrade 1974 1/2-1/2 (35)}) 12... b5 13. Nb3
Bxe3+ 14. Qxe3 e5 $5 $146 {[%cal Ge5f4,Gd7e5] Concède la case "d5" mais le
Nd7 défend bien la position} (14... Bb7 15. a3 O-O 16. Rf2 Rac8 17. g3 Rfd8
18. Bf1 Nb6 19. Rd2 Na4 20. Rd3 Nxb2 {0-1 (20) Rubinstein,J-Panno,O Villa
Gesell 1970}) 15. fxe5 dxe5 16. Nd5 Nxd5 17. exd5 Bb7 $132 18. Be4 Rb8 19. Rd1
Qd6 20. Na5 O-O 21. Nc6 Rbe8 22. Na5 Ba8 1/2-1/2

[Event "Rohde op 09th"]
[Site "Sautron"]
[Date "2009.10.26"]
[Round "4"]
[White "Berbatov, Kiprian"]
[Black "Potkin, Vladimir"]
[Result "1/2-1/2"]
[WhiteElo "2457"]
[BlackElo "2606"]
[Annotator "Primel,D"]
[PlyCount "80"]
[EventDate "2009.10.24"]
[EventType "swiss"]
[EventRounds "9"]
[EventCountry "FRA"]
[SourceTitle "EXT 2010"]
[Source "ChessBase"]
[SourceDate "2010.11.25"]
[SourceVersion "1"]
[SourceVersionDate "2010.11.25"]
[SourceQuality "1"]

1. e4 c5 2. Nf3 e6 3. d4 cxd4 4. Nxd4 Nc6 5. Nc3 Qc7 6. f4 a6 (6... Nxd4 7.
Qxd4 a6 8. Be2 b5 9. Be3 Bb7 10. O-O Rc8 11. Bf3 h5 12. Rad1 Nf6 {[%cal Gf6g4,
Gf8c5];Beshukov,S (2440)-Tregubov,P (2628) Krasnodar 2001 0-1}) 7. Be3 b5 8.
Bd3 Nxd4 {l'acceptation du gambit donne des bonnes compensations aux blancs
mais il y a trés peu de parties sur cette ligne et le GMI veut probablement
surprendre son jeune adversaire} (8... Bb7 $142 {moins risqué} 9. Qf3 {[%cal
Gf3f4,Ge1g1,Ge1c1]} Nf6) 9. Bxd4 Qxf4 10. Rf1 Qc7 $8 (10... Qxh2 $6 11. Qf3 $32
{Baklan,V (2613)-Szabolcsi,J (2410) FRA-chT France 2001 (2.3) 1-0}) (10... Qh4+
$2 11. g3 Qe7 12. e5 $16 {Sax,G (2545)-Szuk,B (2340) HUN-chT 9798 1997 1-0})
11. Qf3 $32 {Les blancs ont maintenant 05 pièces développées alors que les
noirs n'ont joué que la Q mais la pratique moderne a montré que les GMI
pouvaient parfois se permettre des entorses aux vieux principes classiques.}
Nh6 $8 {A nouveau le seul coup et les noirs sont sur le fil du razoir pour
garder l'équilibre} (11... d6 $4 12. Nxb5 $1) (11... f6 $2 12. e5 Bb7 13. Qh5+
g6 14. Bxg6+) 12. Be3 $5 $146 {[%csl Rc7][%cal Ge3f4,Gf4c7]} (12. O-O-O Bb7 13.
Qf2 (13. Qh5) 13... f6 14. h3 Be7 15. Rde1 Qc6 16. Qe3 O-O-O 17. Kb1 Rhf8 18.
Ba7 Bb4 19. Qg3 Qc7 20. Qxc7+ Kxc7 21. Re3 Ra8 {0-1 Traczewski,W-Kolar,J (2063)
/Plzen 2003/CBM 095 ext}) 12... Bb4 13. Kd2 {après avoir déroqué le K blanc,
les compensations ne sont probablement pas suffisantes} (13. O-O-O $5 {Avec
l'avance de développement des Blancs, l'acceptation du nouveau sacrifice de P
serait très risquée pour les Noirs} Bxc3 (13... Bb7 $2 14. Bxh6) 14. bxc3 Qxc3
(14... Rf8 {[%csl Rf7]} 15. Bd4 e5 16. Qg3 {[%cal Gg3c7,Gg3g7]}) 15. Bxh6 gxh6
16. e5 $1 Bb7 17. Qxb7 Rc8 18. Rxf7 Qa3+ 19. Kd2 Qc3+ 20. Ke2 Qxe5+ 21. Be4
Rxc2+ 22. Kf1 $18) 13... Rf8 14. Bf4 e5 (14... d6) 15. Bxh6 gxh6 16. a4 bxa4
17. Rxa4 Qd6 18. Ke2 Bxc3 19. bxc3 Bb7 20. Qh5 Bc6 (20... Qe6 $2 {[%cal Gd7d6]}
21. Bc4 {[%csl Rf7]}) 21. Ra5 Kd8 22. Rxe5 Kc7 23. g3 Qg6 24. Qh4 Rae8 $13 {
[%csl Re4][%cal Ge8e2,Gf7f5,Gc6e4]} 25. Rxe8 (25. Rff5 $5) 25... Rxe8 26. Rf6
Qg5 $1 27. Qxg5 (27. Rxh6 Qxh4 28. Rxh4 f5 29. Bxa6 Kb6 (29... Bxe4)) 27...
hxg5 28. Rxf7 a5 29. Rxh7 a4 30. Kd2 $11 Bxe4 31. Bxe4 Rxe4 32. Kc1 a3 33. Kb1
Rc4 34. Rg7 g4 35. Rg5 Kb6 36. Rd5 Rxc3 37. Rxd7 a2+ 38. Kxa2 Rxc2+ 39. Kb3
Rxh2 40. Kc4 Rg2 1/2-1/2

[Event "Rohde op 07th"]
[Site "Sautron"]
[Date "2007.10.30"]
[Round "5"]
[White "Das, Arghyadip"]
[Black "Potkin, Vladimir"]
[Result "1/2-1/2"]
[WhiteElo "2367"]
[BlackElo "2612"]
[Annotator "RR"]
[PlyCount "130"]
[EventDate "2007.10.27"]
[EventType "swiss"]
[EventRounds "9"]
[EventCountry "FRA"]
[SourceTitle "EXT 2008"]
[Source "ChessBase"]
[SourceDate "2007.11.25"]
[SourceVersion "1"]
[SourceVersionDate "2007.11.25"]
[SourceQuality "1"]

1. e4 c5 2. Nf3 e6 3. d4 cxd4 4. Nxd4 Nc6 5. Nc3 Qc7 6. Be3 (6. Ndb5 Qb8) 6...
a6 7. Qd2 {[%cal Ge1c1] Les blancs choisissent le plan agressif de l'attaque
anglaise ooo,f3,g4} Nf6 8. O-O-O Bb4 $1 (8... Be7 9. f3 b5 10. g4 d6 {[%cal
Gf6d7]} (10... O-O 11. g5 (11. h4 Bb7 12. h5 $36 {[%cal Gg4g5]}) 11... Ne8 {
Gelfand,B (2693)-Karpov,A (2682) Keres mem rap rapid 2005 (2) 0-1} (11... Nh5
$5 {La pratique a montré que le Nh5 n'était pas forcément mal placé et il
freine souvent l'attaque blanche. C'est la raison pour laquelle 11.h4 avec
l'idée h5 est peut-être plus précis} 12. Kb1 Ne5 $132 {[%csl Gc4][%cal Ge5c4];
Erdogdu,M (2318)-Miladinovic,I (2509) Skopje op 18th 2002 (1) 0-1})) 11. g5 Nd7
12. h4 Bb7 13. h5 {[%csl Re6][%cal Gg5g6,Gd4e6]} Nce5 $5 {[%cal Ga8c8]} (13...
Rc8 14. Kb1 Nce5 15. Bd3) 14. Kb1 Rc8 $132 {[%cal Gc7c2,Gb5b4]}) 9. f3 {
l'attaque anglaise est théoriquement moins efficace contre la Taimanov que
contre la variante Najdorf car les noirs ont des possibilités supplémentaires:
*La réaction centrale avec d7d5 * Le clouage Bb4} O-O (9... Ne5 {la ligne
principale} 10. Nb3 b5 11. Qe1 Be7 {Anticipe un éventuel sacrifice en b5 avec
double attaque sur c7 et d6} 12. f4 Ng6 13. e5 Ng4 {[%cal Gg4e3]} 14. Bd2 Bb7
15. Bd3 Rc8 $132 {[%cal Gc7c2]}) 10. g4 b5 11. g5 Ne8 12. a3 Be7 13. f4 $146 ({
RR} 13. Nxc6 dxc6 14. h4 b4 15. Nb1 Rb8 16. Bc4 Nd6 17. Bb3 c5 18. axb4 Rxb4
19. Na3 Qa5 20. Kb1 Bb7 21. Qe1 Qc7 22. Bf4 Qc6 23. Qg3 Rd8 24. h5 c4 25. Bxd6
Bxd6 26. Nxc4 Be7 27. Na5 Qc5 {Pilgaard,K (2437)-Ivanovic,B (2501)/Subotica
2003/CBM 095/1-0 (43)}) (13. Nf5 $5 {Le sacrifice thémaitique n'a été tenté
qu'une seule fois mais les blancs semblent avoir pas mal de compensations.}
exf5 14. Nd5 {[%cal Gd5c7,Gd5e7]} Qb8 15. exf5 Bd8 $5 (15... Qe5) 16. f6 $1 g6
{Tseshkovsky,V (2490)-Kruszynski,W (2345) Katowice op 1991 (3) 1-0} (16... Kh8
$142 $13)) (13. h4 b4 $1 14. Nxc6 Qxc6 15. axb4 Bxb4) 13... b4 14. Nxc6 Qxc6
15. axb4 Bxb4 $132 16. Bg2 {[%cal Gg2a8]} Rb8 (16... Bxc3 17. Qxc3 Qxc3 18.
bxc3 $14 {[%csl Ge3,Gg2]}) 17. e5 Qc7 18. Qd4 d5 $1 {Les noirs ont égalisé
assez vite dans l'ouverture} (18... Qa5) 19. exd6 $6 (19. f5 $1 Qa5 {[%cal
Ga5a1]} 20. f6 $40 Qa1+ 21. Kd2 Qxb2 22. Rb1 Bxc3+ 23. Qxc3 Qxc3+ 24. Kxc3 $14
{[%csl Rc8] Les noirs ont des gros problèmes de développement.} Rxb1 (24... Bb7
{[%cal Gd5d4]} 25. Kd3 {[%cal Gb1b6,Gh1b1]})) 19... Nxd6 $15 20. Na2 Nc4 (20...
Nf5 $5 {[%cal Gf5d4,Gf5e3]}) 21. Nxb4 Nxe3 22. Qxe3 Rxb4 {[%csl Rb2]} 23. Rhf1
Bb7 (23... Bd7 $142 $1 {[%cal Gf8b8,Gf8c8] Un moment critique de la partie,
les noirs avaient peut-être plus de chances avec Bd7. Intuitivement l'attaque
des pièces lourdes noires semble plus rapide sur les colonnes "b" et "c" que
celle des blancs а l'aile-roi} 24. Qd2 {[%cal Gd2b4,Gd2d7]} (24. Rd4 Rfb8) (24.
Kb1 Rfb8 25. b3 a5 $40 {[%cal Ga5a4]}) (24. h4 $2 Rfb8 25. Qe5 (25. b3 Rxb3 $1)
25... Qxe5 26. fxe5 Be8 $15 {[%cal Gb4h4]}) 24... Ba4 $36) 24. Bxb7 $1 {
la finale de pièces lourdes sera difficile а gagner pour le GMI} Qxb7 $11 25.
b3 a5 26. Rd4 a4 27. Rxb4 Qxb4 28. Rd1 axb3 29. cxb3 Ra8 30. Qd4 {[%csl Ra1,
Rd8,Rg8][%cal Gd4d8]} Qa3+ $1 {Force le K а venir sur la colonne "d" pour
gagner un tempo et prendre le P b3 sans risquer un mat du couloir} 31. Kd2 Qxb3
32. Ke2 g6 33. Rd3 Qb7 34. Kf2 Qh1 35. Kg3 Qf1 36. Qe4 Rc8 (36... Qg1+) 37. Qd4
Qe2 38. Qe3 Qc2 39. Qd4 Ra8 40. Qc3 Qe2 41. Qd2 Qxd2 42. Rxd2 h6 43. h4 h5 44.
Rd7 {Les blancs ne risquent pas grand-chose dans cette finale} Kf8 45. Rb7 Ke8
46. Rc7 Ra3+ 47. Kg2 Rd3 48. Ra7 Rd7 49. Ra6 Ke7 50. Kf3 Rd4 51. Ra7+ Rd7 52.
Ra6 Rd3+ 53. Kg2 Rd6 54. Ra7+ Rd7 55. Ra6 f6 56. Kg3 Rd3+ 57. Kg2 fxg5 58. fxg5
Rd4 59. Kg3 Rg4+ 60. Kh3 Rd4 61. Kg3 Rd6 62. Ra7+ Rd7 63. Ra6 Rd3+ 64. Kg2 Rd6
65. Ra7+ Rd7 1/2-1/2